Essential dispute resolution for SQE1 / (Record no. 33529)
[ view plain ]
| 000 -LEADER | |
|---|---|
| fixed length control field | 02794cam a22003498i 4500 |
| 001 - CONTROL NUMBER | |
| control field | 22656643 |
| 003 - CONTROL NUMBER IDENTIFIER | |
| control field | OSt |
| 005 - DATE AND TIME OF LATEST TRANSACTION | |
| control field | 20260427104820.0 |
| 008 - FIXED-LENGTH DATA ELEMENTS--GENERAL INFORMATION | |
| fixed length control field | 220616s2023 enk 001 0 eng |
| 010 ## - LIBRARY OF CONGRESS CONTROL NUMBER | |
| LC control number | 2022028696 |
| 020 ## - INTERNATIONAL STANDARD BOOK NUMBER | |
| International Standard Book Number | 9781032111223 |
| Qualifying information | (hardback) |
| 020 ## - INTERNATIONAL STANDARD BOOK NUMBER | |
| International Standard Book Number | 9781032111179 |
| Qualifying information | (paperback) |
| 020 ## - INTERNATIONAL STANDARD BOOK NUMBER | |
| Canceled/invalid ISBN | 9781003218500 |
| Qualifying information | (ebook) |
| 035 ## - SYSTEM CONTROL NUMBER | |
| System control number | 22656643 |
| 040 ## - CATALOGING SOURCE | |
| Original cataloging agency | MMARA-U |
| Description conventions | MMARA-U |
| Transcribing agency | MMARA-U |
| Modifying agency | MMARA-U |
| 050 00 - LIBRARY OF CONGRESS CALL NUMBER | |
| Classification number | KD7644 |
| Item number | .W38 2023 |
| 100 1# - MAIN ENTRY--PERSONAL NAME | |
| Personal name | Waters, Benjamin D., |
| Relator term | author. |
| 9 (RLIN) | 3169 |
| 245 10 - TITLE STATEMENT | |
| Title | Essential dispute resolution for SQE1 / |
| Statement of responsibility, etc. | Ben Waters. |
| 246 3# - VARYING FORM OF TITLE | |
| Title proper/short title | Essential dispute resolutiont for Solicitors Qualifying Examination 1 |
| 263 ## - PROJECTED PUBLICATION DATE | |
| Projected publication date | 2212 |
| 264 #1 - PRODUCTION, PUBLICATION, DISTRIBUTION, MANUFACTURE, AND COPYRIGHT NOTICE | |
| Place of production, publication, distribution, manufacture | Abingdon, Oxon ; |
| -- | New York, NY : |
| Name of producer, publisher, distributor, manufacturer | Routledge, |
| Date of production, publication, distribution, manufacture, or copyright notice | 2023. |
| 300 ## - PHYSICAL DESCRIPTION | |
| Extent | XVI 256 PAGES : |
| Other physical details | illustrations , |
| 490 0# - SERIES STATEMENT | |
| Series statement | Essential law for SQE1 |
| 500 ## - GENERAL NOTE | |
| General note | Includes index. |
| 505 0# - FORMATTED CONTENTS NOTE | |
| Formatted contents note | Introduction : arbitration, mediation, and litigation as an appropriate mechanism to resolve a dispute -- Resolving a dispute through a civil claim : preliminary considerations: limitation, pre-action protocols -- Where to start proceedings -- Issuing and serving proceedings -- Responding to a claim -- Case management -- Interim applications -- Evidence -- Disclosure and inspection -- Trial -- Appeals -- Enforcement -- Costs -- Answers to multiple choice questions -- |
| 520 ## - SUMMARY, ETC. | |
| Summary, etc. | "Essential Dispute Resolution for SQE1 explains the key principles of dispute resolution in a clear, easy-to-follow style. Principles are introduced and illustrated with reference to realistic factual examples, commonly used court forms, and factual tables. The book provides an overview of three processes for resolving civil disputes forming part of the dispute resolution continuum followed by a fluent narrative account of key principles of civil procedure. The guide also includes a range of supportive features: -Chapter overviews. -Revision points: Each chapter concludes with a concise list of key revision points. -Multiple choice questions: Each section of the book provides multiple choice questions following the SQE1 question format (with answers to enable you to test your knowledge). In a series of books aimed at those preparing for SQE1, this concise and accessible text provides a clear understanding of the dispute resolution element of SQE1 in relation to contract and tort. An invaluable resource for any SQE candidate wishing to develop the assessment skills needed to pass the exam"-- |
| Assigning source | Provided by publisher. |
| 650 #0 - SUBJECT ADDED ENTRY--TOPICAL TERM | |
| Topical term or geographic name as entry element | Dispute resolution (Law) |
| Geographic subdivision | England |
| Form subdivision | Examinations, questions, etc. |
| 9 (RLIN) | 3106 |
| 650 00 - SUBJECT ADDED ENTRY--TOPICAL TERM | |
| Topical term or geographic name as entry element | Solicitors Qualifying Examination |
| 9 (RLIN) | 3104 |
| 655 #7 - INDEX TERM--GENRE/FORM | |
| Genre/form data or focus term | Study guides. |
| Source of term | lcgft |
| 9 (RLIN) | 3170 |
| 942 ## - ADDED ENTRY ELEMENTS (KOHA) | |
| Source of classification or shelving scheme | Library of Congress Classification |
| Koha item type | L |
| Withdrawn status | Lost status | Source of classification or shelving scheme | Damaged status | Not for loan | Home library | Current library | Date acquired | Source of acquisition | Cost, normal purchase price | Total Checkouts | Full call number | Barcode | Date last seen | Price effective from | Koha item type |
|---|---|---|---|---|---|---|---|---|---|---|---|---|---|---|---|
| Library of Congress Classification | Maasai Mara University Library -Main Campus | Maasai Mara University Library -Main Campus | 04/27/2026 | Donation | 8187.07 | KD7644 .W38 2023 | 26040834 | 04/27/2026 | 04/27/2026 | L |